Mother India / (Record no. 45461)
[ view plain ]
| 000 -LEADER | |
|---|---|
| fixed length control field | 01458njm a22002897a 4500 |
| 005 - DATE AND TIME OF LATEST TRANSACTION | |
| control field | 20100913145118.0 |
| 006 - FIXED-LENGTH DATA ELEMENTS--ADDITIONAL MATERIAL CHARACTERISTICS--GENERAL INFORMATION | |
| fixed length control field | a|||||r|||||00| 0 |
| 007 - PHYSICAL DESCRIPTION FIXED FIELD--GENERAL INFORMATION | |
| fixed length control field | sd ammalaaahaa |
| 008 - FIXED-LENGTH DATA ELEMENTS--GENERAL INFORMATION | |
| fixed length control field | 100910t xxu||||| |||| 00| 0 eng d |
| 028 ## - PUBLISHER NUMBER | |
| Publisher number | 3AXE.5001 |
| Source | Odeon |
| 035 ## - SYSTEM CONTROL NUMBER | |
| System control number | GR-02240 |
| 040 ## - CATALOGING SOURCE | |
| Original cataloging agency | SED |
| Transcribing agency | SED |
| 100 ## - MAIN ENTRY--PERSONAL NAME | |
| Personal name | Mehboob |
| 9 (RLIN) | 19365 |
| 245 ## - TITLE STATEMENT | |
| Title | Mother India / |
| Statement of responsibility, etc | Sung by Lata Mangeshkar; music dtn by Naushad; lyric by Shakeel Badayuni |
| Medium | [sound recording] : |
| 246 ## - VARYING FORM OF TITLE | |
| Title proper/short title | मदर इंडिया / महबूब प्रोडक्शन द्वारा |
| 260 ## - PUBLICATION, DISTRIBUTION, ETC. (IMPRINT) | |
| Place of publication, distribution, etc | Dum Dum, India |
| Name of publisher, distributor, etc | Odeon |
| 300 ## - PHYSICAL DESCRIPTION | |
| Extent | 1 sound disc [Gramophone Recording] : |
| Other physical details | analog, 33 1/3 rpm |
| Dimensions | 12.5 in. (LP) |
| Type of unit | Gramaphone Records |
| 500 ## - GENERAL NOTE | |
| General note | Brief record |
| 500 ## - GENERAL NOTE | |
| General note | Record Lebels : Odeon, Black |
| 505 ## - FORMATTED CONTENTS NOTE | |
| Formatted contents note | Side-1 नगरी नगरी दुआरे दुआरे ढूँढू रे सांवरिया (Nagri nagri duare duare dhundun re sanwariya) (Lata Mangeshkar) Side-2 ओ मेरे लाल आजा तुझको गले लगालूँ दिल में छुपालूं (O mere lal aaja tujhko gale lagaloon dil me chhupaloon) (Lata Mangeshkar) |
| 600 ## - SUBJECT ADDED ENTRY--PERSONAL NAME | |
| Personal name | Mangeshkar, Lata |
| 9 (RLIN) | 19611 |
| 650 ## - SUBJECT ADDED ENTRY--TOPICAL TERM | |
| Source of heading or term | Excerpts. |
| Topical term or geographic name as entry element | Motion Picture Music |
| Topical term following geographic name as entry element | India |
| 9 (RLIN) | 19366 |
| 700 ## - ADDED ENTRY--PERSONAL NAME | |
| Personal name | Naushad |
| 9 (RLIN) | 19790 |
| 700 ## - ADDED ENTRY--PERSONAL NAME | |
| Personal name | Badayuni, Shakeel |
| 9 (RLIN) | 19791 |
| 942 ## - ADDED ENTRY ELEMENTS (KOHA) | |
| Source of classification or shelving scheme | Dewey Decimal Classification |
| Item type | Gramaphone Records |
| Withdrawn status | Lost status | Source of classification or shelving scheme | Damaged status | Not for loan | Collection code | Home library | Current library | Date acquired | Source of acquisition | Total Checkouts | Barcode | Date last seen | Copy number | Price effective from | Koha item type |
|---|---|---|---|---|---|---|---|---|---|---|---|---|---|---|---|
| Dewey Decimal Classification | Not For Loan | Non-fiction | Central Library | Central Library | 13/09/2010 | SED/VEN | GR-02240 | 13/09/2010 | 1 | 13/09/2010 | Gramaphone Records |
